Universal principles of storytelling for designers (Record no. 5115)

MARC details
000 -CABECERA
campo de control de longitud fija 02368cam a22002897i 4500
001 - NÚMERO DE CONTROL
campo de control a48150050
003 - IDENTIFICADOR DEL NÚMERO DE CONTROL
campo de control SIRSI
005 - FECHA Y HORA DE LA ÚLTIMA TRANSACCIÓN
campo de control 20251029121633.0
006 - CÓDIGOS DE INFORMACIÓN DE LONGITUD FIJA--CARACTERÍSTICAS DEL MATERIAL ADICIONAL
campo de control de longitud fija m o d
007 - CAMPO FIJO DE DESCRIPCIÓN FÍSICA--INFORMACIÓN GENERAL
campo de control de longitud fija cr |n|||||||||
008 - DATOS DE LONGITUD FIJA--INFORMACIÓN GENERAL
campo de control de longitud fija 250612s2025 mau o 001 0 eng d
020 ## - NÚMERO INTERNACIONAL ESTÁNDAR DEL LIBRO
Número Internacional Estándar del Libro 9780760392461
035 ## - NÚMERO DE CONTROL DEL SISTEMA
Número de control de sistema (OCoLC)1523142720
037 ## - FUENTE DE ADQUISICIÓN
Número de adquisición 9780760392478
Fuente del número de adquisición O'Reilly Media
040 ## - FUENTE DE LA CATALOGACIÓN
Centro catalogador/agencia de origen YDX
Lengua de catalogación eng
Centro/agencia transcriptor YDX
Centro/agencia modificador OCLCO
-- ORMDA
-- OCLCO
-- CLOUD
-- UtOrBLW
041 ## - CÓDIGO DE LENGUA
Código de lengua del texto/banda sonora o título independiente eng
049 ## - FONDOS LOCALES (OCLC)
Fondos de biblioteca UPMM
050 #4 - SIGNATURA TOPOGRÁFICA DE LA BIBLIOTECA DEL CONGRESO
Número de clasificación NK1510
100 ## - ENTRADA PRINCIPAL--NOMBRE DE PERSONA
Nombre de persona Sandler, Lyle H.
Fechas asociadas al nombre 1960-
Término indicativo de función/relación author
9 (RLIN) 26351
245 10 - MENCIÓN DE TÍTULO
Título Universal principles of storytelling for designers
Resto del título : 100 key concepts for bringing good ideas to life
Mención de responsabilidad, etc. / Lyle H. Sandler.
260 ## - PUBLICACIÓN, DISTRIBUCIÓN, ETC.
Lugar de publicación, distribución, etc. Beverly, MA :
Nombre del editor, distribuidor, etc. Rockport Publishers,
Fecha de publicación, distribución, etc. 2025.
300 ## - DESCRIPCIÓN FÍSICA
Extensión 213 pages :
Otras características físicas illustrations, some color ;
Dimensiones 26 cm.
520 ## - SUMARIO, ETC.
Sumario, etc. Unlock the power of storytelling in design with Universal Principles of Storytelling for Designers.<br/><br/>This essential reference offers a comprehensive exploration of storytelling techniques tailored specifically for designers. By integrating classic narrative elements—such as character, conflict, and resolution—into visual work, you can create more engaging and impactful projects.<br/><br/>In Universal Principles of Storytelling for Designers, interdisciplinary designer, innovator, and anthropologist Lyle Sandler covers:<br/><br/>Character Development: How to craft relatable and memorable personas in visual narratives. <br/>Plot Structure: Techniques for creating compelling arcs and engaging storylines. <br/>Emotional Resonance: Leveraging emotions to connect with the audience on a deeper level. <br/>Visual Storytelling: Utilizing design elements like color, typography, and composition to convey meaning and enhance the narrative.<br/><br/><br/>The book is rich with examples from various design disciplines, including graphic design, UX/UI, and illustration. Sandler’s expertise and accessible writing style make complex concepts easy to understand and apply.<br/><br/>Universal Principles of Storytelling for Designers is not just another design book; it’s a guide to transforming your design work into unforgettable stories. By mastering these storytelling principles, you can create designs that not only look good but also resonate deeply with your audience.
650 #0 - PUNTO DE ACCESO ADICIONAL DE MATERIA--TÉRMINO DE MATERIA
Término de materia o nombre geográfico como elemento de entrada Communication in design
9 (RLIN) 26352
650 #0 - PUNTO DE ACCESO ADICIONAL DE MATERIA--TÉRMINO DE MATERIA
Término de materia o nombre geográfico como elemento de entrada Design
Subdivisión de forma Dictionaries
9 (RLIN) 26353
942 ## - ELEMENTOS DE ENTRADA AGREGADA (KOHA)
Fuente del sistema de clasificación o colocación Clasificación de Library of Congress
Holdings
Estado de retiro Estado de pérdida Fuente del sistema de clasificación o colocación Estado dañado No para préstamo Biblioteca de origen Biblioteca actual Fecha de adquisición Total de préstamos Signatura topográfica completa Código de barras Fecha visto por última vez Fecha del último préstamo Número de copia Precio válido a partir de Tipo de ítem Koha
    Clasificación Decimal Dewey     TBS Barcelona TBS Barcelona 29/10/2025 2 NK1510 SAN B05684 15/05/2026 02/02/2026 1 29/10/2025 Book

Powered by Koha